[Event "10th Vellmar Chess Days"]
[Site "chess24.com"]
[Date "2018.07.13"]
[Round "3.10"]
[White "Gerhardt, Dirk"]
[Black "Hahn, Florian"]
[Result "0-1"]
[WhiteElo "1904"]
[BlackElo "2189"]
[PlyCount "76"]
[EventDate "2018.??.??"]
[WhiteTeam "Deutschland"]
[BlackTeam "Deutschland"]
[WhiteTeamCountry "GER"]
[BlackTeamCountry "GER"]
[WhiteClock "1:30:30"]
[BlackClock "1:30:30"]

1. d4 Nf6 2. Nf3 d5 3. c3 g6 4. Bf4 Bg7 5. e3 O-O 6. Bd3 b6 7. Qe2 Bb7 8. Nbd2
c5 9. Rc1 Nc6 10. O-O Nd7 11. h3 e5 12. dxe5 Ndxe5 13. Ba6 Bxa6 14. Qxa6 Qe7
15. Rfd1 Rad8 16. Nxe5 Nxe5 17. Qe2 Rfe8 18. Nf3 Nc6 19. Qb5 Qb7 20. Qb3 Na5
21. Qc2 Bf6 22. b3 Qe7 23. Rd2 Rd7 24. Rcd1 Red8 25. Re1 Nc6 26. Red1 Kg7 27.
Rd3 h6 28. R3d2 Qe6 29. a3 Na5 30. Re2 Qe4 31. Qb2 d4 32. cxd4 cxd4 33. Nxd4
Bxd4 34. Rxd4 Rxd4 35. Rd2 Nxb3 36. f3 Qf5 37. g4 Qf6 38. Rd3 Rxf4 0-1

[Event "10th Vellmar Chess Days"]
[Site "chess24.com"]
[Date "2018.07.13"]
[Round "3.11"]
[White "Meyner, Hannes"]
[Black "Simukov, Erik"]
[Result "1-0"]
[WhiteElo "2170"]
[BlackElo "1813"]
[PlyCount "57"]
[EventDate "2018.??.??"]
[WhiteTeam "Deutschland"]
[BlackTeam "Deutschland"]
[WhiteTeamCountry "GER"]
[BlackTeamCountry "GER"]
[WhiteClock "1:30:30"]
[BlackClock "1:30:30"]

1. Nf3 d5 2. c4 e6 3. g3 Nf6 4. Bg2 Be7 5. O-O O-O 6. d4 c6 7. Qc2 b6 8. Rd1
Nbd7 9. b3 Bb7 10. Nc3 Rc8 11. e4 dxe4 12. Nxe4 Nxe4 13. Qxe4 Nf6 14. Qe2 Qe8
15. Ne5 Nd7 16. Bf4 Ba8 17. Nxd7 Qxd7 18. a4 a5 19. Rd3 Rfd8 20. Rad1 Qa7 21.
Be5 Bf8 22. Qg4 b5 23. Bf6 Re8 24. Be4 bxc4 25. bxc4 c5 26. d5 exd5 27. cxd5
Qb7 28. Bf5 Kh8 29. Qh5 1-0

[Event "10th Vellmar Chess Days"]
[Site "chess24.com"]
[Date "2018.07.13"]
[Round "3.12"]
[White "Reitz, Theresa"]
[Black "Weiss, Jochen"]
[Result "0-1"]
[WhiteElo "1879"]
[BlackElo "2145"]
[PlyCount "98"]
[EventDate "2018.??.??"]
[WhiteTeam "Deutschland"]
[BlackTeam "Deutschland"]
[WhiteTeamCountry "GER"]
[BlackTeamCountry "GER"]
[WhiteClock "1:30:30"]
[BlackClock "1:30:30"]

1. e4 c5 2. Nc3 Nc6 3. Bb5 Nd4 4. Bc4 e6 5. Nge2 Nxe2 6. Qxe2 d6 7. d3 a6 8. a4
Nf6 9. O-O Be7 10. f4 O-O 11. Qf3 Qc7 12. Bd2 Bd7 13. Rae1 Bc6 14. Qg3 d5 15.
Bb3 c4 16. dxc4 Bc5+ 17. Kh1 dxe4 18. Ne2 Ne8 19. f5 Qxg3 20. Nxg3 Nd6 21. fxe6
fxe6 22. Bf4 Nf5 23. Nxe4 Bxe4 24. Rxe4 g5 25. Rxe6 gxf4 26. Re5 Be3 27. c5+
Kh8 28. Bd5 Rae8 29. Rxe8 Rxe8 30. Bxb7 Bxc5 31. g4 Ne3 32. Rxf4 a5 33. Be4 Bd6
34. Bc6 Bxf4 35. Bxe8 Nxc2 36. Kg2 Nd4 37. Bf7 Kg7 38. Bc4 h6 39. h3 Kf6 40.
Kf2 Bc1 41. b3 Bd2 42. Kg3 Ke5 43. Kh4 Kd6 44. Kh5 Kc5 45. h4 Kb4 46. g5 hxg5
47. hxg5 Nxb3 48. g6 Bc3 49. Bb5 Bg7 0-1

[Event "10th Vellmar Chess Days"]
[Site "chess24.com"]
[Date "2018.07.13"]
[Round "3.13"]
[White "Heinelt, Manfred"]
[Black "Thomasson, Staffan"]
[Result "1/2-1/2"]
[WhiteElo "2126"]
[BlackElo "1868"]
[PlyCount "100"]
[EventDate "2018.??.??"]
[WhiteTeam "Deutschland"]
[BlackTeam "Schweden"]
[WhiteTeamCountry "GER"]
[BlackTeamCountry "SWE"]
[WhiteClock "1:30:30"]
[BlackClock "1:30:30"]

1. d4 d5 2. c4 e6 3. Nc3 Bb4 4. Nf3 Nf6 5. Bg5 h6 6. Bh4 Nbd7 7. e3 O-O 8. Bd3
c5 9. O-O cxd4 10. exd4 dxc4 11. Bxc4 Nb6 12. Bb3 Be7 13. Ne5 Nbd5 14. Qf3 Nxc3
15. bxc3 Nd7 16. Bxe7 Nxe5 17. Qg3 Qxe7 18. Qxe5 Rd8 19. Rfe1 Qd6 20. Qe4 Rb8
21. Rad1 b5 22. d5 Bb7 23. Bc2 Bxd5 24. Qh7+ Kf8 25. Qh8+ Ke7 26. Qxg7 Rg8 27.
Qxh6 Rxg2+ 28. Kf1 Rbg8 29. Qh4+ Ke8 30. Bd3 Qc6 31. c4 Bf3 32. Bg6 Qxc4+ 33.
Qxc4 bxc4 34. Rxe6+ Kf8 35. Rd8+ Kg7 36. Rxg8+ Kxg8 37. Rf6 fxg6 38. Rxf3 Rxh2
39. Rf6 Kg7 40. Ra6 Rh4 41. Ke2 Rd4 42. Rxa7+ Kf6 43. Ke3 Rd3+ 44. Ke2 Ke5 45.
Re7+ Kd4 46. Rd7+ Kc3 47. Rxd3+ cxd3+ 48. Kd1 Kb4 49. Kd2 Ka3 50. Kxd3 Kxa2
1/2-1/2

[Event "10th Vellmar Chess Days"]
[Site "chess24.com"]
[Date "2018.07.13"]
[Round "3.14"]
[White "Haack, Kevin"]
[Black "Wiegel, Joerg"]
[Result "0-1"]
[WhiteElo "1869"]
[BlackElo "2094"]
[PlyCount "112"]
[EventDate "2018.??.??"]
[WhiteTeam "Deutschland"]
[BlackTeam "Deutschland"]
[WhiteTeamCountry "GER"]
[BlackTeamCountry "GER"]
[WhiteClock "1:30:30"]
[BlackClock "1:30:30"]

1. c4 b6 2. Nc3 Bb7 3. e4 e6 4. Nf3 Bb4 5. Bd3 Na6 6. Bc2 Ne7 7. d4 O-O 8. O-O
Bxc3 9. bxc3 f6 10. Re1 c5 11. d5 e5 12. Nh4 d6 13. Qg4 Bc8 14. Nf5 Nxf5 15.
exf5 Nb8 16. Re3 Rf7 17. Rh3 Nd7 18. f4 Bb7 19. Qh4 Nf8 20. fxe5 dxe5 21. Be3
Qd6 22. Rf1 Rc8 23. g4 b5 24. g5 bxc4 25. gxf6 Qxd5 26. Rg3 Rcc7 27. Bh6 Rxf6
28. Rg4 Rxh6 29. Be4 Qd2 30. Qg3 Bxe4 31. Rxe4 Rh5 32. Rg4 Rf7 33. Qxe5 Rg5 34.
Qg3 Rxg4 35. Qxg4 Qxc3 36. Qg5 Qd4+ 37. Kh1 Qf6 38. Qg4 Qd4 39. Qg5 Rf6 40. Rg1
g6 41. h3 Qe4+ 42. Kh2 Rxf5 43. Qg3 Qf4 44. Rd1 c3 45. Qxf4 Rxf4 46. Rc1 Rf2+
47. Kg3 Rxa2 48. Rxc3 Ne6 49. Kf3 Rh2 50. Kg3 Ra2 51. Kf3 a5 52. Ke4 Kf7 53.
Kd5 Ra4 54. Kc6 Rb4 55. Ra3 a4 56. Kd5 Ke7 0-1

[Event "10th Vellmar Chess Days"]
[Site "chess24.com"]
[Date "2018.07.13"]
[Round "3.15"]
[White "Zahn, Richard"]
[Black "Krause, Maximilian"]
[Result "1/2-1/2"]
[WhiteElo "2090"]
[BlackElo "1827"]
[PlyCount "78"]
[EventDate "2018.??.??"]
[WhiteTeam "Deutschland"]
[BlackTeam "Deutschland"]
[WhiteTeamCountry "GER"]
[BlackTeamCountry "GER"]
[WhiteClock "1:30:30"]
[BlackClock "1:30:30"]

1. f4 d5 2. Nf3 g6 3. e3 Bg7 4. d4 Nh6 5. Bd3 O-O 6. O-O Bf5 7. c3 Bxd3 8. Qxd3
Nf5 9. e4 dxe4 10. Qxe4 c6 11. Nbd2 Qd5 12. Ne5 e6 13. Re1 Rd8 14. Ndf3 Nd7 15.
Qe2 Nxe5 16. fxe5 h5 17. Be3 Bf8 18. Bg5 Rd7 19. b4 Qb5 20. Rab1 Qxe2 21. Rxe2
b5 22. Nd2 a5 23. Ne4 Rda7 24. a3 axb4 25. axb4 Ra3 26. Rd2 Be7 27. Bf4 Kf8 28.
Rc2 Ke8 29. h3 h4 30. Kf2 Kd7 31. Rd1 Rg8 32. Bg5 Bxg5 33. Nxg5 Ke7 34. Ne4 g5
35. Kf3 Re8 36. Rcd2 Rg8 37. Rd3 Nh6 38. Nf6 Rga8 39. Ne4 Rg8 1/2-1/2

[Event "10th Vellmar Chess Days"]
[Site "chess24.com"]
[Date "2018.07.13"]
[Round "3.16"]
[White "Toepfer, Albrecht"]
[Black "Luke, Niko"]
[Result "1/2-1/2"]
[WhiteElo "2077"]
[BlackElo "1788"]
[PlyCount "91"]
[EventDate "2018.??.??"]
[WhiteTeam "Deutschland"]
[BlackTeam "Deutschland"]
[WhiteTeamCountry "GER"]
[BlackTeamCountry "GER"]
[WhiteClock "1:30:30"]
[BlackClock "1:30:30"]

1. Nf3 d5 2. c4 e6 3. b3 c5 4. g3 Nc6 5. e3 Nf6 6. Bg2 Be7 7. O-O O-O 8. Bb2 b6
9. Qe2 Bb7 10. Rd1 Qc7 11. Nc3 Rfd8 12. cxd5 Nxd5 13. Nxd5 Rxd5 14. d4 cxd4 15.
Nxd4 Nxd4 16. Bxd4 Rd7 17. Rac1 Qb8 18. Qb5 Qe8 19. Bxb7 Rxb7 20. Qxe8+ Rxe8
21. Rc6 Rd8 22. Rdc1 h6 23. Kg2 Kh7 24. f4 Kg6 25. Rc7 Rd7 26. Rxb7 Rxb7 27.
Kf3 Bf6 28. Ke4 Bxd4 29. exd4 Rd7 30. Rc6 Kf6 31. Rc8 h5 32. b4 g6 33. a4 Ke7
34. Ra8 Rc7 35. Ke5 Rd7 36. Ke4 Kf6 37. a5 bxa5 38. bxa5 Ke7 39. Kd3 Rc7 40.
Rb8 Kd7 41. Rb1 Kd6 42. Rb5 Rc6 43. Ke4 Rc7 44. h3 Rc3 45. f5 exf5+ 46. Kf4
1/2-1/2

[Event "10th Vellmar Chess Days"]
[Site "chess24.com"]
[Date "2018.07.13"]
[Round "3.17"]
[White "Henkemeier, Michael"]
[Black "Scharrer, Udo"]
[Result "1/2-1/2"]
[WhiteElo "1856"]
[BlackElo "2054"]
[PlyCount "64"]
[EventDate "2018.??.??"]
[WhiteTeam "Deutschland"]
[BlackTeam "Deutschland"]
[WhiteTeamCountry "GER"]
[BlackTeamCountry "GER"]
[WhiteClock "1:30:30"]
[BlackClock "1:30:30"]

1. Nf3 Nf6 2. g3 g6 3. Bg2 Bg7 4. O-O O-O 5. d3 d6 6. Nbd2 c5 7. Re1 Nc6 8. c3
e5 9. e4 b5 10. Nf1 b4 11. h3 h6 12. Bd2 bxc3 13. Bxc3 Be6 14. Ne3 Nd4 15. Nh4
Nh7 16. Qd2 Ng5 17. Kh2 Bxh3 18. Bxd4 cxd4 19. Bxh3 Nxh3 20. Kxh3 dxe3 21. Qxe3
Qd7+ 22. Kg2 Rab8 23. Re2 Rfc8 24. Rc1 Rxc1 25. Qxc1 Rc8 26. Rc2 Rxc2 27. Qxc2
d5 28. Nf3 d4 29. Qc5 f6 30. Qc4+ Kh7 31. Qc5 g5 32. b4 h5 1/2-1/2

[Event "10th Vellmar Chess Days"]
[Site "chess24.com"]
[Date "2018.07.13"]
[Round "3.18"]
[White "Hehn, Hartmut"]
[Black "Powalla, Christian"]
[Result "0-1"]
[WhiteElo "2046"]
[BlackElo "1812"]
[PlyCount "64"]
[EventDate "2018.??.??"]
[WhiteTeam "Deutschland"]
[BlackTeam "Deutschland"]
[WhiteTeamCountry "GER"]
[BlackTeamCountry "GER"]
[WhiteClock "1:30:30"]
[BlackClock "1:30:30"]

1. e4 e5 2. Nf3 Nc6 3. Bc4 Nf6 4. Ng5 d5 5. exd5 Na5 6. Bb5+ c6 7. dxc6 bxc6 8.
Be2 h6 9. Nf3 e4 10. Ne5 Bc5 11. c3 Qc7 12. d4 exd3 13. Nxd3 Bb6 14. O-O O-O
15. Bf4 Qd7 16. Na3 Ba6 17. Qc2 Qf5 18. Bg3 Rfe8 19. Rad1 Rad8 20. Rfe1 Bxd3
21. Bxd3 Rxe1+ 22. Rxe1 Qxd3 23. Qa4 Qd2 24. Rb1 Nh5 25. Bh4 g5 26. b4 gxh4 27.
bxa5 Qxf2+ 28. Kh1 Nf4 29. Qxc6 h3 30. gxh3 Qe2 31. axb6 Rd1+ 32. Rxd1 Qxd1#
0-1

[Event "10th Vellmar Chess Days"]
[Site "chess24.com"]
[Date "2018.07.13"]
[Round "3.19"]
[White "Lange, Lars"]
[Black "Brouer, Pieter"]
[Result "1-0"]
[WhiteElo "1846"]
[BlackElo "2026"]
[PlyCount "111"]
[EventDate "2018.??.??"]
[WhiteTeam "Deutschland"]
[BlackTeam "Deutschland"]
[WhiteTeamCountry "GER"]
[BlackTeamCountry "GER"]
[WhiteClock "1:30:30"]
[BlackClock "1:30:30"]

1. d4 g6 2. c4 Bg7 3. e4 d6 4. Nc3 e5 5. d5 h5 6. Be2 Nd7 7. Be3 a6 8. Qc2 Bh6
9. Bxh6 Nxh6 10. O-O-O a5 11. Kb1 Nc5 12. g3 Ng4 13. Bxg4 hxg4 14. f4 f5 15.
fxe5 dxe5 16. Na4 Nxe4 17. Re1 Qg5 18. Ne2 Nd2+ 19. Ka1 Nf3 20. Qc3 Qd2 21.
Qxd2 Nxd2 22. Nf4 Nf3 23. Nxg6 Rg8 24. Nxe5 Nxe1 25. Rxe1 Kf8 26. Nc5 b6 27.
Ncd3 Rg7 28. Nf4 Bd7 29. Nh5 Rf7 30. Nxf7 Kxf7 31. Nf4 Rh8 32. Re2 Rh6 33. Kb1
c6 34. Kc2 b5 35. b3 b4 36. Kd3 cxd5 37. Nxd5 Bc6 38. Kd4 Bxd5 39. Kxd5 Rf6 40.
Kc5 f4 41. gxf4 Rxf4 42. Kb6 Rf5 43. c5 a4 44. bxa4 Rf3 45. c6 b3 46. axb3
Rxb3+ 47. Ka7 Rc3 48. Kb7 Rb3+ 49. Kc8 Rc3 50. c7 Rb3 51. Re4 g3 52. hxg3 Rxg3
53. Kb7 Rb3+ 54. Kc6 Rc3+ 55. Kb6 Rc1 56. a5 1-0

[Event "10th Vellmar Chess Days"]
[Site "chess24.com"]
[Date "2018.07.13"]
[Round "3.20"]
[White "Weber, Andreas"]
[Black "Werner, Martin"]
[Result "0-1"]
[WhiteElo "1693"]
[BlackElo "2018"]
[PlyCount "68"]
[EventDate "2018.??.??"]
[WhiteTeam "Deutschland"]
[BlackTeam "Deutschland"]
[WhiteTeamCountry "GER"]
[BlackTeamCountry "GER"]
[WhiteClock "1:30:30"]
[BlackClock "1:30:30"]

1. Nf3 d5 2. g3 c5 3. Bg2 Nc6 4. d3 Nf6 5. O-O e5 6. Nbd2 Be7 7. e4 dxe4 8.
dxe4 O-O 9. c3 b5 10. Re1 Qb6 11. Qc2 Rd8 12. Nf1 Be6 13. Ne3 Rac8 14. Ng5 Rd6
15. Nxe6 fxe6 16. a4 a6 17. axb5 axb5 18. Bh3 c4 19. Nd5 Qd8 20. Nxe7+ Qxe7 21.
Be3 Qd7 22. f3 Kf7 23. Bf1 Qd8 24. b4 Ra8 25. Qb2 Rxa1 26. Rxa1 Nd7 27. Bc5
Nxc5 28. bxc5 Rd2 29. Qxb5 Nd4 30. Qb7+ Kf6 31. Bg2 Ne2+ 32. Kh1 Rd1+ 33. Bf1
Rxa1 34. f4 Qd1 0-1

[Event "10th Vellmar Chess Days"]
[Site "chess24.com"]
[Date "2018.07.13"]
[Round "3.21"]
[White "Stoy, Ulf"]
[Black "Kroemer, Alexander"]
[Result "1/2-1/2"]
[WhiteElo "2006"]
[BlackElo "1564"]
[PlyCount "58"]
[EventDate "2018.??.??"]
[WhiteTeam "Deutschland"]
[BlackTeam "Deutschland"]
[WhiteTeamCountry "GER"]
[BlackTeamCountry "GER"]
[WhiteClock "1:30:30"]
[BlackClock "1:30:30"]

1. c4 c5 2. Nc3 Nc6 3. g3 g6 4. Bg2 Bg7 5. e4 d6 6. d3 f5 7. Bg5 Nf6 8. Nge2
O-O 9. Qd2 fxe4 10. Nxe4 Bf5 11. O-O Ne5 12. Bxf6 Bxf6 13. f4 Bxe4 14. dxe4 Nc6
15. Bh3 Nd4 16. Kg2 Qb6 17. Nxd4 Bxd4 18. Be6+ Kh8 19. Rab1 Rf6 20. f5 Raf8 21.
g4 gxf5 22. exf5 Rxe6 23. fxe6 Qc6+ 24. Kg3 Be5+ 25. Kh4 Bf6+ 26. Kg3 Be5+ 27.
Kh4 Bf6+ 28. Rxf6 Rxf6 29. Qd5 Qa4 1/2-1/2

[Event "10th Vellmar Chess Days"]
[Site "chess24.com"]
[Date "2018.07.13"]
[Round "3.22"]
[White "Eggenstein, Frank"]
[Black "Silini, Jalel"]
[Result "1-0"]
[WhiteElo "1987"]
[BlackElo "1702"]
[PlyCount "79"]
[EventDate "2018.??.??"]
[WhiteTeam "Deutschland"]
[BlackTeam "Deutschland"]
[WhiteTeamCountry "GER"]
[BlackTeamCountry "GER"]
[WhiteClock "1:30:30"]
[BlackClock "1:30:30"]

1. e4 e5 2. d3 Bc5 3. Nf3 Nc6 4. g3 Nf6 5. Bg2 d6 6. O-O h6 7. c3 Bg4 8. h3 Bh5
9. Nbd2 O-O 10. b4 Bb6 11. Nc4 Qd7 12. Nxb6 axb6 13. g4 Bg6 14. Nh4 Ne7 15. f4
Rad8 16. f5 Bh7 17. g5 hxg5 18. Bxg5 d5 19. Bxf6 gxf6 20. Kh1 dxe4 21. dxe4
Qxd1 22. Rfxd1 Kg7 23. Bf3 Kh6 24. Ng2 Nc8 25. h4 Rg8 26. Kh2 Nd6 27. Ne3 Kg7
28. a4 c6 29. Ra2 Kf8 30. Rad2 Ke7 31. c4 c5 32. Nd5+ Kf8 33. Nxf6 Ke7 34. Nxh7
f6 35. Nxf6 Kxf6 36. Rxd6+ Ke7 37. Rxd8 Rxd8 38. Rxd8 Kxd8 39. bxc5 bxc5 40. a5
1-0

[Event "10th Vellmar Chess Days"]
[Site "chess24.com"]
[Date "2018.07.13"]
[Round "3.23"]
[White "Pabst, Olaf"]
[Black "Retzlaff, Thomas"]
[Result "0-1"]
[WhiteElo "1593"]
[BlackElo "1879"]
[PlyCount "82"]
[EventDate "2018.??.??"]
[WhiteTeam "Deutschland"]
[BlackTeam "Deutschland"]
[WhiteTeamCountry "GER"]
[BlackTeamCountry "GER"]
[WhiteClock "1:30:30"]
[BlackClock "1:30:30"]

1. Nc3 d5 2. d4 Bf5 3. f3 Nf6 4. Bf4 c6 5. g4 Bg6 6. e3 e6 7. h4 h5 8. g5 Nfd7
9. Bd3 Bxd3 10. Qxd3 Bb4 11. Nge2 Nf8 12. a3 Ba5 13. Bg3 Ng6 14. f4 Bc7 15.
O-O-O b5 16. Na2 a5 17. f5 exf5 18. Bxc7 Qxc7 19. Qxf5 Ne7 20. Qf4 Qxf4 21.
exf4 Nf5 22. Rd3 Ra7 23. Ng3 Nxg3 24. Rxg3 Re7 25. Kd2 Kd7 26. Re3 Rxe3 27.
Kxe3 Re8+ 28. Kd3 Re4 29. Rf1 Kd6 30. Nc3 Re7 31. Ne2 g6 32. Ng3 Nd7 33. f5 c5
34. c3 c4+ 35. Kd2 Nb6 36. fxg6 fxg6 37. Rf6+ Re6 38. Rxe6+ Kxe6 39. b4 cxb3
40. Ne2 Kf5 41. Ng3+ Kg4 0-1

[Event "10th Vellmar Chess Days"]
[Site "chess24.com"]
[Date "2018.07.13"]
[Round "3.24"]
[White "Rehbein, Ullrich"]
[Black "Pauls, Wilhelm"]
[Result "0-1"]
[WhiteElo "1756"]
[BlackElo "1971"]
[PlyCount "66"]
[EventDate "2018.??.??"]
[WhiteTeam "Deutschland"]
[BlackTeam "Deutschland"]
[WhiteTeamCountry "GER"]
[BlackTeamCountry "GER"]
[WhiteClock "1:30:30"]
[BlackClock "1:30:30"]

1. d4 Nf6 2. Nf3 e6 3. Bf4 Bd6 4. Bg5 Be7 5. Bxf6 Bxf6 6. e4 c5 7. c3 Qb6 8.
Qb3 O-O 9. e5 Be7 10. Nbd2 d5 11. exd6 Qxd6 12. Bd3 Nd7 13. O-O cxd4 14. Nxd4
Nc5 15. Ne4 Nxb3 16. Nxd6 Nxa1 17. Nxc8 Raxc8 18. Rxa1 Bf6 19. Nb3 Rfd8 20. Be4
b6 21. Kf1 Kf8 22. a4 a5 23. Ke2 Rc4 24. f3 Be5 25. Bd3 Rc7 26. Bb5 f5 27. Nd2
Bxh2 28. Nc4 Bf4 29. b4 axb4 30. cxb4 Rd4 31. Nxb6 Rc2+ 32. Kf1 Rxb4 33. Rd1
Rbb2 0-1

[Event "10th Vellmar Chess Days"]
[Site "chess24.com"]
[Date "2018.07.13"]
[Round "3.25"]
[White "Tremoehlen, Thomas"]
[Black "Jungklaus, Lars"]
[Result "1-0"]
[WhiteElo "1980"]
[BlackElo "1742"]
[PlyCount "79"]
[EventDate "2018.??.??"]
[WhiteTeam "Deutschland"]
[BlackTeam "Deutschland"]
[WhiteTeamCountry "GER"]
[BlackTeamCountry "GER"]
[WhiteClock "1:30:30"]
[BlackClock "1:30:30"]

1. d4 Nf6 2. Bf4 e6 3. e3 c5 4. c3 d5 5. Nd2 Nc6 6. Ngf3 Bd6 7. Bg3 O-O 8. Bd3
h6 9. Ne5 Qc7 10. f4 Qd8 11. Qf3 cxd4 12. exd4 Nh7 13. Bc2 Nxe5 14. dxe5 Be7
15. O-O-O f5 16. exf6 Rxf6 17. Qd3 Nf8 18. Nf3 Qb6 19. Ne5 Bd6 20. Rhf1 Qc7 21.
Kb1 Bxe5 22. fxe5 Rf7 23. Bf4 b6 24. g4 a5 25. Qg3 Ba6 26. Rfe1 g5 27. Bc1 Kg7
28. h4 Qe7 29. hxg5 hxg5 30. Qh3 Kg8 31. Rh1 Nh7 32. Qh6 Ra7 33. Bxg5 Qf8 34.
Bxh7+ Rxh7 35. Qxe6+ Raf7 36. Rxh7 Kxh7 37. Rh1+ Kg8 38. Bf6 Bd3+ 39. Kc1 Bh7
40. g5 1-0

[Event "10th Vellmar Chess Days"]
[Site "chess24.com"]
[Date "2018.07.13"]
[Round "3.26"]
[White "Fromm, Nick"]
[Black "Pfitzenreuter, Gerald"]
[Result "1/2-1/2"]
[WhiteElo "1614"]
[BlackElo "2071"]
[PlyCount "39"]
[EventDate "2018.??.??"]
[WhiteTeam "Deutschland"]
[BlackTeam "Deutschland"]
[WhiteTeamCountry "GER"]
[BlackTeamCountry "GER"]
[WhiteClock "1:30:30"]
[BlackClock "1:30:30"]

1. e4 c5 2. Nf3 d6 3. d4 cxd4 4. Nxd4 Nf6 5. Nc3 g6 6. Be3 Bg7 7. Qd2 Ng4 8.
Bg5 Nc6 9. Nxc6 bxc6 10. f3 Ne5 11. O-O-O Be6 12. b3 O-O 13. Bh6 Qa5 14. Bxg7
Kxg7 15. f4 Ng4 16. h3 Nf2 17. Qxf2 Qxc3 18. Qd4+ Qxd4 19. Rxd4 c5 20. Rd2
1/2-1/2

[Event "10th Vellmar Chess Days"]
[Site "chess24.com"]
[Date "2018.07.13"]
[Round "3.27"]
[White "Braun, Ingram"]
[Black "Kanbach, Mike"]
[Result "1/2-1/2"]
[WhiteElo "2065"]
[BlackElo "1817"]
[PlyCount "80"]
[EventDate "2018.??.??"]
[WhiteTeam "Deutschland"]
[BlackTeam "Deutschland"]
[WhiteTeamCountry "GER"]
[BlackTeamCountry "GER"]
[WhiteClock "1:30:30"]
[BlackClock "1:30:30"]

1. g3 Nf6 2. Bg2 d5 3. d3 Nbd7 4. Nf3 e5 5. O-O Bd6 6. c4 c6 7. cxd5 cxd5 8. b3
O-O 9. Nc3 Re8 10. Bb2 Nb6 11. Rc1 Bd7 12. e3 Rc8 13. h3 Qe7 14. Qe2 Rc7 15. d4
e4 16. Ne5 Rec8 17. Nxd7 Qxd7 18. Nb5 Rxc1 19. Rxc1 Rxc1+ 20. Bxc1 Qc6 21. Bb2
Bb8 22. Na3 a6 23. Qc2 Qxc2 24. Nxc2 Bd6 25. Bc3 Nfd7 26. g4 g6 27. f4 f5 28.
g5 h6 29. h4 hxg5 30. hxg5 Kf7 31. Kf2 Nf8 32. Ba5 Nbd7 33. Bf1 Ne6 34. Bd2 Nb8
35. Nb4 Nc7 36. Ke1 Ke6 37. Kd1 Nd7 38. Nc2 Na8 39. Bb4 Nc7 40. Bxd6 Kxd6
1/2-1/2

[Event "10th Vellmar Chess Days"]
[Site "chess24.com"]
[Date "2018.07.13"]
[Round "3.28"]
[White "Boder, Jan"]
[Black "Arya Nirag Shah"]
[Result "0-1"]
[WhiteElo "1848"]
[BlackElo "1819"]
[PlyCount "134"]
[EventDate "2018.??.??"]
[WhiteTeam "Deutschland"]
[BlackTeam "Indien"]
[WhiteTeamCountry "GER"]
[BlackTeamCountry "IND"]
[WhiteClock "1:30:30"]
[BlackClock "1:30:30"]

1. c4 b6 2. Nc3 Bb7 3. e4 e6 4. d3 Ne7 5. g3 c5 6. Bg2 Nbc6 7. Nge2 Nd4 8. Nxd4
cxd4 9. Nb5 Nc6 10. O-O a6 11. Na3 Be7 12. Nc2 b5 13. cxb5 axb5 14. Bd2 O-O 15.
f4 Qb6 16. f5 exf5 17. Rxf5 Rfc8 18. Qg4 Na5 19. Raf1 Qg6 20. Qxg6 fxg6 21.
Rxb5 Rxc2 22. Bxa5 Bc6 23. Rb3 Ba4 24. e5 Rxg2+ 25. Kxg2 Bxb3 26. axb3 Rxa5 27.
Rf4 Rd5 28. Re4 Kf7 29. h4 Ke6 30. Kf3 h6 31. Rg4 g5 32. hxg5 Bxg5 33. Ke4 Rb5
34. Kf3 Kxe5 35. Re4+ Kd5 36. Re1 Rxb3 37. Rd1 Rxb2 38. Ra1 Rd2 39. Ra5+ Ke6
40. Ke4 Rg2 41. Kf3 Rc2 42. Ke4 Re2+ 43. Kxd4 Rg2 44. Re5+ Kf7 45. Rd5 Bf6+ 46.
Ke4 Ke6 47. Ra5 Rxg3 48. Ra6+ d6 49. Ra3 Rg4+ 50. Kf3 Rd4 51. Ke3 Rd5 52. Ra8
Bg5+ 53. Ke4 Re5+ 54. Kd4 Be3+ 55. Kc3 Rc5+ 56. Kb3 Kf6 57. Rd8 Bf4 58. Rf8+
Kg5 59. d4 Rc7 60. Ra8 h5 61. Ra5+ Kg4 62. d5 h4 63. Ra1 h3 64. Rg1+ Bg3 65.
Rd1 h2 66. Ka4 Bf4 67. Kb5 Rc1 0-1

[Event "10th Vellmar Chess Days"]
[Site "chess24.com"]
[Date "2018.07.13"]
[Round "3.29"]
[White "Koenig, Friedrich Theodor"]
[Black "Kuschel, Heidi"]
[Result "1-0"]
[WhiteElo "1833"]
[BlackElo "1734"]
[PlyCount "75"]
[EventDate "2018.??.??"]
[WhiteTeam "Deutschland"]
[BlackTeam "Deutschland"]
[WhiteTeamCountry "GER"]
[BlackTeamCountry "GER"]
[WhiteClock "1:30:30"]
[BlackClock "1:30:30"]

1. Nf3 Nf6 2. g3 g6 3. Bg2 Bg7 4. O-O c5 5. d3 Nc6 6. Nbd2 d5 7. e4 Bg4 8. h3
Be6 9. Ng5 Bc8 10. Re1 h6 11. Ngf3 O-O 12. c3 dxe4 13. dxe4 e5 14. Qe2 Be6 15.
a4 Qc7 16. Nc4 a6 17. Nh4 Na5 18. Nxa5 Qxa5 19. b4 cxb4 20. cxb4 Qc7 21. Be3
Bc4 22. Qb2 b5 23. a5 Nd7 24. Red1 Kh7 25. Rd2 h5 26. Rad1 Rfd8 27. Nf3 f6 28.
Nh2 Rab8 29. Rd6 Bf8 30. Rxa6 Rb7 31. g4 Bh6 32. Bxh6 Kxh6 33. Rad6 h4 34. g5+
fxg5 35. Ng4+ Kh7 36. Rxd7+ Rxd7 37. Rxd7+ Qxd7 38. Nf6+ 1-0

[Event "10th Vellmar Chess Days"]
[Site "chess24.com"]
[Date "2018.07.13"]
[Round "3.30"]
[White "Krien, Hartmut"]
[Black "Koronowski, Heinz-Juergen"]
[Result "1-0"]
[WhiteElo "1834"]
[BlackElo "1759"]
[PlyCount "27"]
[EventDate "2018.??.??"]
[WhiteTeam "Deutschland"]
[BlackTeam "Deutschland"]
[WhiteTeamCountry "GER"]
[BlackTeamCountry "GER"]
[WhiteClock "1:30:30"]
[BlackClock "1:30:30"]

1. e4 e5 2. Nf3 Nf6 3. Nc3 Nc6 4. Bb5 Nd4 5. Bc4 d6 6. Ng5 Be6 7. Nxe6 fxe6 8.
O-O d5 9. exd5 exd5 10. Nxd5 Nxd5 11. Qh5+ Kd7 12. Qxe5 Nxc2 13. Qxd5+ Kc8 14.
Qf5+ 1-0

[Event "10th Vellmar Chess Days"]
[Site "chess24.com"]
[Date "2018.07.13"]
[Round "3.31"]
[White "Michels, Fabio"]
[Black "Krausse, Eckhard"]
[Result "1/2-1/2"]
[WhiteElo "1729"]
[BlackElo "1974"]
[PlyCount "83"]
[EventDate "2018.??.??"]
[WhiteTeam "Deutschland"]
[BlackTeam "Deutschland"]
[WhiteTeamCountry "GER"]
[BlackTeamCountry "GER"]
[WhiteClock "1:30:30"]
[BlackClock "1:30:30"]

1. c4 Nf6 2. g3 g6 3. Bg2 Bg7 4. Nc3 O-O 5. e4 c6 6. Nge2 e6 7. d3 d5 8. exd5
exd5 9. cxd5 cxd5 10. O-O Nc6 11. d4 Bf5 12. Bg5 h6 13. Bxf6 Qxf6 14. Nxd5 Qd6
15. Ne3 Nxd4 16. Nxd4 Qxd4 17. Nxf5 gxf5 18. Qxd4 Bxd4 19. Bxb7 Rab8 20. Rad1
Rxb7 21. Rxd4 Rxb2 22. Ra4 Rd8 23. Rxa7 Kg7 24. a4 Ra2 25. a5 Rd5 26. a6 Rd6
27. Rc1 Rdxa6 28. Rxa6 Rxa6 29. Kg2 Kg6 30. Rc3 Re6 31. Kf3 Ra6 32. Rd3 Re6 33.
h4 h5 34. Rd4 Ra6 35. Kf4 Rb6 36. Ke5 Re6+ 37. Kf4 Rb6 38. f3 Ra6 39. Rd5 Rb6
40. Ke5 Re6+ 41. Kf4 Ra6 42. Ke5 1/2-1/2